Music Quiz

Random Music or Billboard Quiz

Billboard Top Songs (2012) Quiz Stats

 Plays Quiz Updated Jan 29, 2013

Challenge
Share
Tweet
Embed
Score 0/100 Timer 14:00
0 Plays Today
Rank Song % Correct
2.Call Me Maybe
95.7%
1.Somebody That I Used to Know
79.2%
3.We Are Young
75.8%
4.Payphone
69.2%
5.Lights
58.8%
14.Some Nights
52.4%
9.Starships
51.3%
71.Rolling in the Deep
51.2%
10.What Makes You Beautiful
49.3%
7.Stronger (What Doesn't Kill You)
49.3%
13.Sexy and I Know It
48.9%
43.Someone Like You
48.4%
6.Glad You Came
48.1%
12.Set Fire to the Rain
45.7%
47.Gangnam Style
44.9%
8.We Found Love
44.3%
29.Party Rock Anthem
42.2%
36.Moves Like Jagger
41.4%
17.Whistle
37.5%
24.Titanium
36.2%
28.Boyfriend
34.7%
11.Wild Ones
34.1%
38.Good Time
33.1%
49.Home
33.1%
19.Drive By
32.9%
94.Diamonds
32.9%
68.Ho Hey
32.2%
22.Everybody Talks
31.2%
33.We Are Never Ever Getting Back Together
31.2%
15.Wide Awake
30.7%
61.Stereo Hearts
29%
18.One More Night
28.9%
55.Want U Back
27.6%
30.Too Close
27.3%
Rank Song % Correct
46.Domino
26.8%
69.Paradise
25.4%
64.Rumour Has It
25.4%
52.Wanted
24.8%
31.Part of Me
24.5%
57.Dance (A$$)
22.7%
25.I Won't Give Up
22.5%
85.Die Young
21.7%
59.Brokenhearted
21.2%
16.Good Feeling
21.1%
34.As Long As You Love Me
21.1%
23.Take Care
21%
40.N**as in Paris
20.8%
39.Give Your Heart a Break
19.1%
32.Young, Wild & Free
18.7%
37.Blow Me (One Last Kiss)
18.1%
50.Without You
17.3%
91.It's Time
17.3%
51.Ass Back Home
17.1%
87.A Thousand Years
17.1%
27.Mercy
16.8%
44.Scream
16.5%
81.50 Ways to Say Goodbye
16%
48.International Love
15.8%
41.The One That Got Away
15.8%
21.Where Have You Been
15.6%
74.Let Me Love You (Until You Learn to Love Yourself)
15.3%
45.Rack City
15.3%
83.Love You Like a Love Song
15.2%
35.Turn Me On
15.1%
70.Blown Away
15%
20.The Motto
14.9%
56.Don't Wake Me Up
14.1%
26.It Will Rain
13.8%
Rank Song % Correct
75.Pound the Alarm
13.7%
42.Feel So Close
13.6%
60.Not Over You
13.4%
65.Let's Go
12.6%
79.Birthday Cake
11.6%
63.Work Out
11.2%
58.Springsteen
11.1%
66.Good Girl
11%
67.Pontoon
10.8%
72.Climax
10.6%
54.No Lie
10.1%
77.Heart Attack
10%
53.Drunk On You
9.8%
86.5 O'Clock
9.5%
80.So Good
8.8%
100.Burn It Down
8.8%
97.Adorn
8.6%
82.Red Solo Cup
8.4%
90.We Run the Night
8%
84.Turn Up the Music
7.5%
62.Back in Time
7.4%
78.Drank in My Cup
6.7%
73.Work Hard, Play Hard
6.4%
92.Cashin' Out
6.4%
89.You Da One
5.7%
76.Come Over
5%
96.Somethin' 'Bout a Truck
4.9%
99.Even If It Breaks Your Heart
4.8%
93.I Don't Want This Night to End
4.7%
95.Hard to Love
4.1%
98.Fly Over States
3.9%
88.Take a Little Ride
3.6%

You're not logged in!

Compare scores with friends on all Sporcle quizzes.
OR
Log In

You Might Also Like...

Show Comments

Extras

Top Quizzes Today


Score Distribution

Your Account Isn't Verified!

In order to create a playlist on Sporcle, you need to verify the email address you used during registration. Go to your Sporcle Settings to finish the process.

Report this User

Report this user for behavior that violates our Community Guidelines.

Details: